000 00775cam a2200265 4500500
005 20260329005017.0
041 _afre
042 _adc
100 1 0 _aChambrun, Marius
_eauthor
245 0 0 _aDe la succession dans les idées
260 _c2022.
500 _a51
690 _aArgent
690 _aCapitalisme
690 _aÉconomie
690 _aÉlection présidentielle 2022
690 _aEmmanuel Macron
690 _aHéritage
690 _aJean-Luc Mélenchon
690 _aRedistribution
690 _aTransmission
690 _aValérie Pécresse
786 0 _nPhilosophie magazine | 157 | 3 | 2022-03-01 | p. 11-11 | 1951-1787
856 4 1 _uhttps://shs.cairn.info/magazine-philosophie-magazine-2022-3-page-11?lang=fr&redirect-ssocas=7080
999 _c1839429
_d1839429